000
00316nam a22001217a 4500
020
_a
0-07-084483-6
082
_a
621.38173 HAM'H
100
_a
HAMILTON, T.D.S
_9
75386
245
_a
HANDBOOK OF LINEAR INTGRATED ELECTRONICS FOR RESEARCH
260
_a
LONDON
_b
MCGRAW HILL
_c
1977
300
_a
XVIII,469P
942
_c
BK
999
_c
580811
_d
580811